000
00319nam a2200121Ia 4500
008
220204s9999 xx 000 0 und d
082
_a
65.012.122:63
_b
PAR
100
_a
Parkash Mehta
245
0
_a
Operations research in agriculture
260
_a
New Delhi
_b
Astish
_c
1985
650
_a
Operations research
942
_c
BK
999
_c
39193
_d
39193